The role of Mega Sport Events on the tourist’s motivation in developing countries A case study of Kazakhstan

Bibliographic Details
Main Author: Birzhanova Anel
Other Authors: Karsai Dr. Árpád Sándor
Format: Thesis
Kulcsszavak:Developing countries
event tourism
Kazakhstan
Mega sporting events
Olympic Games
sports tourism
Tourist Motivation
World Nomad Games
Online Access:http://dolgozattar.uni-bge.hu/59825

MARC

LEADER 00000nta a2200000 i 4500
001 dolg59825
005 20260409145619.0
008 260409suuuu hu om 000 eng d
040 |a BGE Dolgozattár Repozitórium  |b hun 
041 |a en 
100 1 |a Birzhanova Anel 
245 1 4 |a The role of Mega Sport Events on the tourist’s motivation in developing countries  |b A case study of Kazakhstan  |c Birzhanova Anel  |h [elektronikus dokumentum] 
520 3 |a SummaryThe main purpose of this study was to determine the impact of major sporting events on tourist motivation, especially in developing countries like Kazakhstan. This document analyses how major sporting events such as the 2011 Asian Winter Games, as well as major business and innovation events such as EXPO 2017, have contributed to the development of infrastructure, increased international recognition of the country and increased tourist flows.The theoretical part mainly examines the main modules of motivation in tourism, such as the push-pull theory or the event tourism model. Examples of successful and unsuccessful experiences hosting Mega Sport events in developing countries were also given.The research methodology consists of several popular models, such as social media analysis, in-depth interviews, and comparative analysis of the aftereffects of sports events in Russia, South Korea, Kyrgyzstan, and Kazakhstan.Both the positive sides, such as infrastructure development, the growth of international and local tourism, and the negative sides, such as insufficient marketing support from the government, lack of financing and developed sports infrastructure.In conclusion, Kazakhstan's main idea is to work with brand managers and marketers to find a Kazakhstani superpower, such as the entertainment or business events industry, where the country already has a significant impact on the Central Asian region. By developing a comprehensive approach to planning, marketing and using the infrastructure after the event, we will be able to maintain the effectiveness of mega-sporting events in the future. 
695 |a Developing countries 
695 |a event tourism 
695 |a Kazakhstan 
695 |a Mega sporting events 
695 |a Olympic Games 
695 |a sports tourism 
695 |a Tourist Motivation 
695 |a World Nomad Games 
700 1 |a Karsai Dr. Árpád Sándor  |e ths 
856 4 0 |u http://dolgozattar.uni-bge.hu/59825/1/The%20role%20of%20Mega%20Sport%20Events%20on%20the%20tourist%E2%80%99s%20motivation%20in%20Developing%20Countries.pdf  |z Dokumentum-elérés 
856 4 0 |u http://dolgozattar.uni-bge.hu/59825/2/Anel%20Birzhanova_Opponent_Kitti%20Boros.pdf  |z Dokumentum-elérés 
856 4 0 |u http://dolgozattar.uni-bge.hu/59825/3/Anel%20Birzhanova%20Msc%20%20EN%20%20Consulent%20Karsai%20%C3%81rp%C3%A1d.pdf  |z Dokumentum-elérés